| 000 | 00399nam a2200181Ia 4500 | ||
|---|---|---|---|
| 001 | 10507 | ||
| 005 | 20260306161837.0 | ||
| 008 | 260306t1922||||xx |||||||||||||| ||spa|| | ||
| 041 | _aESP | ||
| 082 |
_a940 _bM19 |
||
| 100 |
_aMalet, Alberto _eAUT |
||
| 245 | 0 | _aRoma | |
| 260 | _c1922 | ||
| 300 |
_avii, 168 páginas : _c19 cm. |
||
| 650 | _aGEN | ||
| 654 | _aCHU | ||
| 942 |
_cLIB _dJUS _fJUS _2ddc _n |
||
| 999 |
_c10507 _d10507 |
||